|
|
|
|
| LEADER |
00000cam a2200000 a 4500 |
| 001 |
vtls008401901 |
| 003 |
SK-MaSNL |
| 005 |
20260301021121.0 |
| 008 |
230403s1948 xo g l 001 0 slo |
| 015 |
|
|
|a SNBA19451955-012405
|
| 035 |
|
|
|a SK01SNKBKSFS20020094118
|
| 035 |
|
|
|a urn:nbn:sk:snk-am3i6tk
|
| 035 |
|
|
|a B9190110-A9CD-4957-A7AE-D5509F744741
|
| 035 |
|
|
|a urn:nbn:sk:snk-am00dm5s
|
| 035 |
|
|
|a SKM000096581
|
| 040 |
|
|
|a SNK
|b slo
|c SNK
|e AACR2
|
| 041 |
0 |
|
|a slo
|
| 043 |
|
|
|a e-xo---
|
| 044 |
|
|
|a xo
|c SK
|
| 080 |
|
|
|a 343
|2 1981
|
| 100 |
1 |
|
|a Takáč, Miloslav,
|d 1907-1968
|4 aut
|4 com
|9 199458
|
| 245 |
1 |
0 |
|a Československé trestné a hmotné právo platné na Slovensku
|c sostavili: Miloslav Takáč a Peter Záturecký
|
| 260 |
|
|
|a Bratislava
|b Práv. jednota
|c 1948
|e Bratislava
|f Ľudotypia
|
| 300 |
|
|
|a 523, [4] s.
|c 23 cm
|
| 490 |
1 |
|
|a Knižnica Právnickej jednoty
|v sv. 15
|
| 504 |
|
|
|a Register
|
| 650 |
0 |
7 |
|a trestné právo
|2 SNKPH
|9 984
|
| 651 |
|
7 |
|a Slovensko
|2 SNKPHgeo
|
| 655 |
|
7 |
|a zákony
|2 SNKPH
|9 70186
|
| 700 |
1 |
|
|a Záturecký, Peter,
|d 1918-1982
|4 aut
|4 com
|9 48454
|
| 830 |
|
0 |
|a Knižnica Právnickej jednoty
|9 309064
|
| 852 |
|
|
|a Slovenská národná knižnica
|
| 954 |
|
|
|a odborná, vedecká literatúra pôvodná (slovenská)
|2 lita
|
| 958 |
|
|
|a OND
|
| 958 |
|
|
|a NB
|
| 958 |
|
|
|a TL
|
| 958 |
|
|
|a EUIPO
|
| 999 |
|
|
|c 564621
|d 566551
|
| 952 |
|
|
|a SNK
|b SNK
|y PREZ
|7 0
|p 17A0755533
|o snkSC 3093/15
|i snk1218/49
|0 0
|1 0
|4 0
|d 2011-11-29
|f 1
|l 0
|r 2025-06-25 00:00:00
|w 2026-02-23
|
| 952 |
|
|
|a SNK
|b SNK
|y VYP
|7 0
|p 17A0585777
|o snkSC 3093/15 D2
|i snkF 2513/64
|8 5
|0 0
|1 0
|4 0
|d 2008-03-31
|l 0
|r 2026-02-23 13:54:03
|w 2026-02-23
|
| 952 |
|
|
|t P60, <04>, [BOOK], {604}
|a SNK
|b SNK
|y VYP
|7 0
|p 17A0397756
|o snkSC 3093/15 D1
|i snkD 131/63
|0 0
|1 0
|4 0
|d 2003-10-06
|l 0
|r 2005-01-02 00:00:00
|w 2026-02-23
|